| Tag |
First Indicator |
Second Indicator |
Subfields |
| LEADER |
00000cam a22000008a 4500 |
| 001 |
in00000990279 |
| 005 |
20150927180215.0 |
| 008 |
900226s1991 enk 00010 eng |
| 010 |
|
|
|a 90008224
|
| 020 |
|
|
|a 0415042747
|
| 035 |
|
|
|a (OCoLC)21229139
|
| 035 |
|
|
|9 AEY9428AM
|
| 040 |
|
|
|a DLC
|c DLC
|d TXA
|d UtOrBLW
|
| 043 |
|
|
|a f-ti---
|
| 049 |
|
|
|a TXAM
|
| 050 |
0 |
0 |
|a HD1538.T8
|b R33 1990
|
| 082 |
0 |
0 |
|a 338.9611
|2 20
|
| 090 |
|
|
|a HD1538.T8
|b R33 1991
|
| 100 |
1 |
|
|a Raḍwān, Samīr Muḥammad.
|
| 245 |
1 |
0 |
|a Tunisia :
|b rural labour and structural transformation /
|c Samir Radwan, Vali Jamal, Ajit Ghose.
|
| 263 |
|
|
|a 9009
|
| 264 |
|
1 |
|a London ;
|a New York :
|b Routledge,
|c 1991.
|
| 300 |
|
|
|a 122 pages :
|b illustrations
|
| 336 |
|
|
|a text
|b txt
|2 rdacontent
|
| 337 |
|
|
|a unmediated
|b n
|2 rdamedia
|
| 338 |
|
|
|a volume
|b nc
|2 rdacarrier
|
| 504 |
|
|
|a Includes bibliographical references and index.
|
| 650 |
|
0 |
|a Agricultural laborers
|z Tunisia.
|
| 650 |
|
0 |
|a Agriculture
|x Economic aspects
|z Tunisia.
|
| 650 |
|
0 |
|a Income distribution
|z Tunisia.
|
| 650 |
|
0 |
|a Food supply
|z Tunisia.
|
| 700 |
1 |
|
|a Jamal, Vali.
|
| 700 |
1 |
|
|a Ghose, Ajit Kumar,
|d 1947-
|
| 999 |
|
|
|a MARS
|
| 999 |
f |
f |
|s 66e5d6b9-eab9-3f10-9573-43d91173c7e3
|i 3875f729-2088-39c0-a62e-4713dc684a14
|t 0
|
| 952 |
f |
f |
|p ric
|a Texas A&M University
|b Rellis Campus
|c Joint Library Facility
|d Remote Storage
|t 0
|e HD1538.T8 R33 1991
|h Library of Congress classification
|i unmediated -- volume
|m A14814697125
|
| 998 |
f |
f |
|a HD1538.T8 R33 1991
|t 0
|l Remote Storage
|